| 000 | 00649nam a2200181 i 4500 | ||
|---|---|---|---|
| 001 | 72508 | ||
| 003 | ES-MaACL | ||
| 005 | 20230906171445.0 | ||
| 007 | t| | ||
| 008 | 040901s1964 sp ||||1| spa d | ||
| 100 | 1 |
_aGiron, Pedro. _957267 |
|
| 245 | 1 | 0 |
_aCrónica del emperador Carlos V / _cPedro Giron ; edicion de Juan Sánchez Montes ; prólogo de Peter Rassow. |
| 260 |
_aMadrid : _bConsejo Superior de Investigaciones Científicas, Escuela de Historia Moderna, _c1964. |
||
| 300 |
_aLX, 33, 618 p., 15 lám. ; _c25 cm. |
||
| 700 | 1 |
_aSánchez Montes, Juan. _9102791 |
|
| 700 | 1 |
_aRassow, Peter. _995512 |
|
| 852 |
_aES-MaACL _jC-25846 _bR.54701 |
||
| 999 |
_c72508 _d72508 |
||